Miasta w Polsce na literę B - Statystyki

Ogólne statystyki
  • Ten quiz został rozwiązany 371 razy
    69 od ostatniego zresetowania
  • Średni wynik to 45 z 80
Statystyki odpowiedzi
Liczba mieszkańców Województwo Miasto % Poprawnych
289 685 podlaskie Białystok
100%
163 605 śląskie Bielsko-Biała
100%
322 464 kujawsko-pomorskie Bydgoszcz
100%
145 346 śląskie Bytom
100%
52 858 śląskie Będzin
94%
32 910 opolskie Brzeg
94%
2213 opolskie Biała
92%
53 650 lubelskie Biała Podlaska
92%
36 663 dolnośląskie Bolesławiec
92%
870 łódzkie Bolesławiec
92%
51 247 łódzkie Bełchatów
89%
23 406 podlaskie Bielsk Podlaski
83%
16 089 pomorskie Bytów
83%
20 919 warmińsko-mazurskie Bartoszyce
81%
27 554 dolnośląskie Bielawa
78%
28 271 małopolskie Bochnia
78%
15 725 warmińsko-mazurskie Braniewo
78%
5443 wielkopolskie Buk
78%
22 035 zachodniopomorskie Białogard
75%
27 835 kujawsko-pomorskie Brodnica
75%
18 676 śląskie Bieruń
72%
24 476 lubelskie Biłgoraj
72%
15 759 małopolskie Brzesko
72%
4568 dolnośląskie Bolków
69%
14 019 świętokrzyskie Busko-Zdrój
69%
15 746 dolnośląskie Bogatynia
67%
12 293 dolnośląskie Brzeg Dolny
67%
2903 łódzkie Biała Rawska
61%
11 822 łódzkie Brzeziny
61%
4388 lubelskie Bychawa
61%
6347 mazowieckie Białobrzegi
58%
7153 podkarpackie Brzozów
58%
4399 dolnośląskie Bierutów
56%
3623 zachodniopomorskie Bobolice
56%
3459 podlaskie Brańsk
56%
2256 dolnośląskie Bardo
53%
14 664 mazowieckie Brwinów
53%
3279 opolskie Byczyna
53%
8724 dolnośląskie Bystrzyca Kłodzka
53%
4237 małopolskie Biecz
50%
9793 warmińsko-mazurskie Biskupiec
50%
2103 warmińsko-mazurskie Bisztynek
50%
2053 świętokrzyskie Bodzentyn
50%
4772 zachodniopomorskie Borne Sulinowo
50%
1688 mazowieckie Brok
50%
12 714 zachodniopomorskie Barlinek
47%
3624 warmińsko-mazurskie Biała Piska
47%
12 177 mazowieckie Błonie
47%
14 008 dolnośląskie Boguszów-Gorce
47%
9182 małopolskie Bukowno
47%
3753 lubuskie Babimost
44%
1386 podkarpackie Baranów Sandomierski
44%
7310 warmińsko-mazurskie Barczewo
44%
8938 śląskie Blachownia
44%
5032 pomorskie Brusy
44%
4523 kujawsko-pomorskie Brześć Kujawski
44%
3854 lubuskie Bytom Odrzański
44%
5763 lubelskie Bełżyce
42%
2070 zachodniopomorskie Biały Bór
42%
6315 podkarpackie Boguchwała
42%
1920 łódzkie Błaszki
39%
6785 kujawsko-pomorskie Barcin
36%
1142 kujawsko-pomorskie Bobrowniki
36%
2775 wielkopolskie Bojanowo
36%
973 podkarpackie Bircza
33%
3051 małopolskie Bobowa
33%
10 458 małopolskie Brzeszcze
33%
4653 wielkopolskie Budzyń
33%
1098 łódzkie Białaczów
31%
889 łódzkie Bolimów
31%
2691 opolskie Baborów
28%
3362 zachodniopomorskie Barwice
28%
1126 mazowieckie Bodzanów
28%
835 lubuskie Brody
28%
2412 wielkopolskie Borek Wielkopolski
25%
2659 podkarpackie Brzostek
25%
2054 podkarpackie Błażowa
22%
1092 świętokrzyskie Bogoria
22%
1668 mazowieckie Bieżuń
17%
1996 opolskie Branice
14%
Nie znaleziono quizów pasujących do podanych kryteriów
Rozkład punktacji
Procent ludzi z każdym wynikiem
Percentyl według liczby udzielonych odpowiedzi
Twoja historia wyników
Nie rozwiązałeś tego quizu od ostatniego zresetowania